| 000 | 00604cab a2200217 4500 | ||
|---|---|---|---|
| 001 | ABS56387 | ||
| 008 | 090401t1996 xxu||||| |||| 00| 0 eng d | ||
| 035 | _a(Sirsi) u23260 | ||
| 041 | _aeng | ||
| 100 | _aNicholson, D. | ||
| 245 | _aTurkey: High risks, high rewards at junction of continents | ||
| 260 | _c1996 | ||
| 350 | _a0 | ||
| 490 |
_aEuroProperty _v5(3) October 1996, 9-10(2) |
||
| 520 | _aReports on the high risk opportunities for property investors in Turkey. | ||
| 650 | _aINVESTMENT MARKET | ||
| 650 | _aTURKEY | ||
| 690 | _aOVERSEAS-EUROPE | ||
| 942 | _n0 | ||
| 948 | _c04/03/1997 | ||
| 999 |
_c15561 _d15561 |
||